Escenas películas clásicas - Estadísticas

Estadísticas generales
  • Esta prueba ha sido intentada 145 veces
  • La puntuación promedio es 6 de 15
Estadísticas de respuestas
Imagen Respuesta % Correcto
Rocky
85%
La naranja mecanica
82%
Seven
75%
Memento
71%
Taxi driver
69%
Cinema paradiso
56%
Lawrence de arabia
43%
Vacaciones en roma
29%
El septimo sello
21%
Scarface
21%
Bienvenido mr marshall
19%
Erase una vez en america
14%
Ladron de bicicletas
10%
Viridiana
7%
Testigo de cargo
6%
No se encontraron pruebas coincidentes
Distribución de puntuación
Porcentaje de gente con cada puntuación
Porcentaje por número respondido
Historial de tus puntuaciones
No has intentado esta prueba.